000 00865nam2a22002411 4500
001 v19\rc\1265368
005 20250618023223.0
035 _a(NLR Aleph) 004451933
090 _a4477292
_c4477292
100 _a20060306d1894 |||y0rusy50 ca
101 0 _arus
102 _aRU
105 _ay z |||||
200 1 _aМолитва за царя
210 _aХарьков
_d[1894]
215 _a[3] с.
461 0 _1001v19\rc\1265362
_12001#$a[Стихотворения]$vМолитва...$90
_1700#1$aИванов$bВ. И.$cпоэт$f1865-1912$gВасилий Иванович$3RU\NLR\AUTH\770226325
_94477266
_aИванов, В. И. (поэт ; 1865-1912)
_d1894
_t[Стихотворения]
_vМолитва...$90
801 0 _aRU
_bNLR
_gpsbo
801 1 _aRU
_bProSoft-M
_2rusmarc
852 _aNLR
_j18.275.6.285
942 _cBOOK
980 _aNB